000 00480nam a2200169Ia 4500
999 _c27426
_d27426
003 OSt
005 20201202152130.0
008 190216s9999||||xx |||||||||||||| ||und||
040 _coclc
082 _a894.8123
_bGOV/V
100 _aGovind, Kamala
_97147
245 0 _aVysakha Sandhyakal /
_cKamala Govind
260 _bPoorna Publications,
_aKozhikode:
_c1993.
300 _a204p
650 _aNovel
942 _cBK
_2ddc
_h894.8123
_iGOV/V
_k894.8123
_mGOV/V